000 00846nam a2200229Ia 4500
008 130821s2001 ck gr spa
020 _a9589279430
040 _aCo-BoUCM
_bspa
041 0 0 _aspa
110 _aMisión Paz
_9158741
245 1 0 _aDesarrollo agropecuario y rural La estrategia
_cMisión Paz; Universidad ICESI
260 _aCali (Valle, Colombia)
_bUniversidad ICESI
_c2001
300 _a195 páginas
504 _aIncluye bibliografía, listado de siglos y listado de gr ficas
650 0 4 _aAgricultura
_98719
650 0 4 _aAgricultura
_xAspectos socioeconómicos
_zColombia
_98719
650 0 4 _aDesarrollo agrícola
_zColombia
_935939
650 0 4 _aDesarrollo rural
_zColombia
_940789
650 0 4 _aPolítica agraria
_zColombia
_921912
942 _cLIBRO
_a7
_e1
_mM678D
_2DEWEY
_h338.18
999 _c34312
_d34312